Retrouvez la définition de ces néologismes - Statistiques

Statistiques générales
  • Ce quiz a été pris 83 fois
  • Le résultat moyen est 16 sur 20
Statistiques - réponses
Hint Extra Hint Réponse % Correct
Blablater Céline Parler pour ne rien dire
97%
Covivre Henri Michaux Vivre ensemble sans amour
97%
Aimeuse Colette Amoureuse
96%
Cleftomanie Hervé Bazin Obsession des clefs
96%
Agoraphilie Erik Orsenna Amour des places publiques
93%
Députodrome Raymond Queneau Assemblée nationale
93%
Allélouyer Julien Grenne Chanter des Alléluias
91%
Enchrister Céline Mis sur la croix
91%
Dormioter Jean Giono Somnoler
91%
Touchatouisme Jean Cocteau Quand on excelle dans tous les domaines
89%
Abracadabrantesque Mario Proth Extravagant
87%
Chauvisant Louis Aragon Qui perd ses cheveux
86%
Spleen Charles Baudelaire Profonde mélancolie rêveuse
83%
Nostalgérie Henry de Montherlant Nostalgie des Pieds Noirs
79%
Festivant Blaise Cendrars Sorte de vacanciers
77%
Joconder Henri Troyat Sourire avec un air idiot
76%
Moâ Sacha Guitry Ego surdimensionné
54%
Arcagner Céline Mettre en sang
50%
Cambronnade Guillaume Apollinaire Merde !
49%
Badonguer Paul Claudel Le bruit produit par les cloches
43%
Aucun quiz correspondant
Distribution des résultats
% des personnes avec chaque résultat
Percentile par nombre de réponses
Votre historique - résultats
Vous n’avez pas pris ce quiz